Những năm tháng bên Bác (chiến sĩ cảnh vệ kể về Bác)
Sách tập hợp những câu chuyện cảm động mà các chiến sĩ cảnh vệ kể về Bác trong những tháng năm họ sống bên cạnh và phục vụ Người
সংরক্ষণ করুন:
| বিন্যাস: | গ্রন্থ |
|---|---|
| ভাষা: | Undetermined |
| প্রকাশিত: |
Hà Nội
Quân đội Nhân dân
2005
|
| বিষয়গুলি: | |
| ট্যাগগুলো: |
ট্যাগ যুক্ত করুন
কোনো ট্যাগ নেই, প্রথমজন হিসাবে ট্যাগ করুন!
|
| Thư viện lưu trữ: | Trung tâm Học liệu Trường Đại học Cần Thơ |
|---|
| LEADER | 00802nam a2200205Ia 4500 | ||
|---|---|---|---|
| 001 | CTU_125961 | ||
| 008 | 210402s9999 xx 000 0 und d | ||
| 020 | |c 24500 | ||
| 082 | |a 895.9221 | ||
| 082 | |b Nh556 | ||
| 245 | 0 | |a Những năm tháng bên Bác (chiến sĩ cảnh vệ kể về Bác) | |
| 260 | |a Hà Nội | ||
| 260 | |b Quân đội Nhân dân | ||
| 260 | |c 2005 | ||
| 520 | |a Sách tập hợp những câu chuyện cảm động mà các chiến sĩ cảnh vệ kể về Bác trong những tháng năm họ sống bên cạnh và phục vụ Người | ||
| 650 | |a Ho Chi Minh | ||
| 650 | |x Vietnamese poetry | ||
| 650 | |y 20th century | ||
| 904 | |i Quang Hiếu | ||
| 980 | |a Trung tâm Học liệu Trường Đại học Cần Thơ | ||